000 00957cab a2200193 4500
001 ##L134667
008 060824n2006 000 0 eng u
035 _a(Sirsi) u134667
041 0 _aeng
100 1 _aKempton, Jim
245 0 0 _aCan lean thinking apply to the repair and refurbishment of properties in the registered social landlord sector?
260 _c2006
490 0 _aStructural Survey
_v24(3) 2006, 201-211(11)
520 _aThis paper investigates the type of maintenance works undertaken to properties in the registered social landlord sector and considers the potential for the application of lean thinking or waste minimisation to the repair and refurbishment of those properties left vacant after a tenant departs. It concludes that properties located on estates built after 1980 are most likely to benefit from lean principles.
590 _aIKA050906
651 4 _aUnited Kingdom
_y
690 _aRefurbishment
_96264
942 _n0
999 _c77613
_d77613